Partha Chatterjee Omnibus (Record no. 15076)

MARC details
000 -LEADER
fixed length control field 00652nam a2200241 a 4500
020 ## - INTERNATIONAL STANDARD BOOK NUMBER
ISBN 9780195651560
082 00 - DEWEY DECIMAL CLASSIFICATION NUMBER
Classification number 324.245
Author Cutter CHA2
100 ## - MAIN ENTRY--AUTHOR NAME
Author name Chatterjee, Partha
245 ## - TITLE STATEMENT
Title Partha Chatterjee Omnibus
Sub title Comprising Nationalist Thought and he Colonial World
260 ## - PUBLICATION, DISTRIBUTION, ETC. (IMPRINT)
Place of publication New Delhi
Name of publisher Oxford Univ. Press
Year of publication 2013
300 ## - PHYSICAL DESCRIPTION
Number of Pages 301p
500 ## - GENERAL NOTE
General note includes index and biblioraphy
505 2# - FORMATTED CONTENTS NOTE
Formatted contents note Index
650 ## - SUBJECT ADDED ENTRY--TOPICAL TERM
Topical Term Nationalism
942 ## - ADDED ENTRY ELEMENTS (KOHA)
Koha item type Books
700 1# -
-- Chatterjee, Partha
Holdings
Collection code Home library Current library Date acquired Cost, normal purchase price Full call number Accession Number Koha item type
  Henry Martyn Institute Library Henry Martyn Institute Library 11/08/2013 750.00 324.245 CHA2 024176 Books
                   Copyright © 2026 | Henry Martyn Institute | Hyderabad | TS-500052 | INDIA | Implemented by hmi.edu.in
Hit-Count:

Powered by Koha